000 00718cam a22002291a 4500
001 e 24000448
003 DLC
005 20260227111215.0
008 830627q1923 wiua s000 0 eng c
010 _ae 24000448
035 _a(OCoLC)9648821
040 _aU.S. Off. of educ. Library
_cWRfC
_dWRfC
_dDLC
042 _apremarc
043 _an-us-wi
050 0 0 _aLB1775
_b.A5
100 1 _aAnderson, Charles J.
_q(Charles Joseph),
_d1880-
245 1 4 _aThe status of teachers in Wisconsin/
_cby C.J. Anderson.
260 _aMadison :
_bDepartment of Public Instruction,
_c[1923?]
300 _a156 p. :
_bill. ;
_c23 cm.
650 0 _aTeachers
_zWisconsin
710 1 _aWisconsin.
_bDepartment of Public Instruction.
999 _c20704
_d20704